Protesta social, libertad de expresin̤ y derecho penal

Detalles Bibliográficos
Autor principal: ℓvila Santamara̕, Ramiro
Formato: eBook
Lenguaje:español
Publicado: Quito: Corporacin̤ Editoria Nacional, 2012
Materias:
Acceso en línea:Acceso restringido

MARC

LEADER 00000nam a22000007a 4500
005 20140715000316.0
007 cr|||| ||||
008 140715s2012 ec |||||s|||| 00||0 spa d
020 |a 978-9978-84-590-5 
035 |a 12276 
040 |a vLex 
090 |c 5055  |d 5055 
100 1 |a ℓvila Santamara̕, Ramiro 
245 1 0 |a Protesta social, libertad de expresin̤ y derecho penal  |h [Recurso electrn̤ico] /  |c Ramiro ℓvila Santamara̕ 
256 |a Servicio en ln̕ea 
260 |a Quito:  |b Corporacin̤ Editoria Nacional,  |c 2012 
300 |a 1 recurso electrn̤ico 
506 1 |a Disponible solo en los productos indicados  |d vLex Global  |d vLex Global (Academic Edition, excluding Law Schools)  |d vLex Global (U.S. Academic Edition, Law Schools)  |d vLex Global (U.S. Academic Edition, excluding Law Schools)  |d vLex Global (Academic Edition, Law Schools) 
650 0 4 |a Derecho Civil  |z Ecuador 
650 0 4 |a Derecho Penal  |z Ecuador 
740 0 |a vLex Libros (Servicio en ln̕ea) 
856 4 0 |u http://vlex.com/source/protesta-social-libertad-de-expresion-y-derecho-penal-12276  |z Acceso restringido 
942 |c BOOK 
999 0 |a Civil Law 
999 0 |a Criminal Law